LEADER 01368nam 2200385 n 450 001 996385576703316 005 20221108104150.0 035 $a(CKB)1000000000606608 035 $a(EEBO)2248506258 035 $a(UnM)99857154 035 $a(EXLCZ)991000000000606608 100 $a19921125d1607 uy | 101 0 $aeng 135 $aurbn||||a|bb| 200 04$aThe differences of the ages of mans life$b[electronic resource] $etogether with the originall causes, progresse, and end thereof. Written by the learned Henrie Cuffe, sometime fellow of Merton College in Oxford. Ann. Dom. 1600 210 $aLondon $cPrinted by Arnold Hatfield for Martin Clearke$d1607 215 $a[22], 128, 131-135, [1] p 300 $aEditor's dedication signed: R.M. 300 $aPrinters' names from STC. 300 $aReproduction of the original in the Henry E. Huntington Library and Art Gallery. 330 $aeebo-0113 606 $aLife$vEarly works to 1800 606 $aMortality$vEarly works to 1800 615 0$aLife 615 0$aMortality 700 $aCuff$b Henry$f1563-1601.$01009087 701 $aR. M$ffl. 1633.$01012038 801 0$bCu-RivES 801 1$bCu-RivES 801 2$bCStRLIN 801 2$bWaOLN 906 $aBOOK 912 $a996385576703316 996 $aThe differences of the ages of mans life$92347515 997 $aUNISA LEADER 01113nam a2200301 i 4500 001 991001082539707536 005 20020507111024.0 008 970308s1976 uk ||| | eng 035 $ab10171174-39ule_inst 035 $aLE00641852$9ExL 040 $aDip.to Fisica$bita 084 $a53(091) 084 $a54(091) 084 $a500.2'01 084 $aQ175 100 1 $aHowson, Colin$0252173 245 10$aMethod and appraisal in the physical sciences :$bthe critical background to modern science, 1800-1905 /$cedited by Colin Howson 260 $aCambridge :$bCambridge University Press,$c1976 300 $avii, 344 p. ;$c24 cm. 500 $aIncludes bibliographies and index. 650 4$aPhysical sciences-History 650 4$aPhysical sciences-Metodology 907 $a.b10171174$b21-09-06$c27-06-02 912 $a991001082539707536 945 $aLE006 53(091) HOW$g1$i2006000012294$lle006$o-$pE0.00$q-$rl$s- $t0$u0$v0$w0$x0$y.i10209815$z27-06-02 996 $aMethod and appraisal in the physical sciences$9189786 997 $aUNISALENTO 998 $ale006$b01-01-97$cm$da $e-$feng$guk $h0$i1